Library of the University of Algiers 3
Ibrahim Sultan Cheibout
شعار جامعة الجزائر 3
مكتبة جامعة الجزائر 3
إبراهيم سلطان شيبوط

مراجعة الحسابات في بيئة الخصخصة وأسواق المال والتجارة الإلكترونية / (رقم التسجيلة. 45614)

تفاصيل مارك
000 -LEADER
fixed length control field 01748nam a2200265Ia 4500
003 - CONTROL NUMBER IDENTIFIER
control field Ost
005 - DATE AND TIME OF LATEST TRANSACTION
control field 20260507075652.0
008 - FIXED-LENGTH DATA ELEMENTS--GENERAL INFORMATION
fixed length control field 260507s9999||||xx |||||||||||||| ||und||
040 ## - CATALOGING SOURCE
Transcribing agency fsecg
041 ## - LANGUAGE CODE
Language code of text/sound track or separate title ara
082 ## - DEWEY DECIMAL CLASSIFICATION NUMBER
Classification number 657.45
100 ## - MAIN ENTRY--PERSONAL NAME
Personal name علي، عبد الوهاب نصر
Relator term مؤلف
245 #0 - TITLE STATEMENT
Title مراجعة الحسابات في بيئة الخصخصة وأسواق المال والتجارة الإلكترونية /
Statement of responsibility, etc. عبد الوهاب نصر علي
260 ## - PUBLICATION, DISTRIBUTION, ETC.
Place of publication, distribution, etc. الإسكندرية:
Name of publisher, distributor, etc. الدار الجامعية للنشر والتوزيع,
Date of publication, distribution, etc. 2004
300 ## - PHYSICAL DESCRIPTION
Extent 517 صفحة؛
Other physical details إيضاحات ؛
Dimensions 24 سم
504 ## - BIBLIOGRAPHY, ETC. NOTE
Bibliography, etc. note المراجع ص.517
520 ## - SUMMARY, ETC.
Summary, etc. المراجعة وتكنولوجيا المعلومات باستخدام الحاسب الآلي- المراجعة المستمرة في ظل التجارة الإلكترونية- التأكيد المهني على الثقة في المواقع الشركات على الانترنت- مراقب الحسابات والتاكيد على الثقة في نظم المعلومات الفورية- مراجعة حسابات في تقييم الشركات لاغراض الخصخصة- مراجعة القوائم المالية التقديرية لخدمة منفذي القرارات- بعض الخدمات الحديثة غير التقليدية لمراجع الحسابات في بيئة الخصخصة.
653 ## - INDEX TERM--UNCONTROLLED
Uncontrolled term التجارة الإلكترونية
653 ## - INDEX TERM--UNCONTROLLED
Uncontrolled term الخصخصة
653 ## - INDEX TERM--UNCONTROLLED
Uncontrolled term القطاع الخاص
653 ## - INDEX TERM--UNCONTROLLED
Uncontrolled term المحاسبة- معالجة البيانات
653 ## - INDEX TERM--UNCONTROLLED
Uncontrolled term مراجعة الحسابات- معالجة البيانات
700 ## - ADDED ENTRY--PERSONAL NAME
Personal name شحاتة، شحاتة السيد
Relator term مؤلف ثانوي
942 ## - ADDED ENTRY ELEMENTS (KOHA)
Koha item type كتب
المقتنيات
Withdrawn status Lost status Source of classification or shelving scheme Damaged status Not for loan Home library Current library Date acquired Serial enumeration / chronology Inventory number Total checkouts Full call number Barcode Date last seen Price effective from Koha item type
    Dewey Decimal Classification   Available مكتبة كلية العلوم الإقتصادية والعلوم التجارية وعلوم التسيير مكتبة كلية العلوم الإقتصادية والعلوم التجارية وعلوم التسيير 07/05/2026 الطابق الثاني 1753/8   أ/1753ن8 1753/8 07/05/2026 07/05/2026 كتب

موارد الويب المفتوحة


© University of Algiers 3 All Rights Reserved
|
Implemented by LECHELAH Riad